Jsem s tebou tak rád tango /

Hlavní autor: Ulrich, Antonín, 1915-1995
Další autoři: Strnad, Jiří, 1920-1994, Martínek, Štěpán, 1903-1957, Kozel, Karel, 1914-1983
Jazyk: Čeština
Vydáno: Praha : Státní nakladatelství krásné literatury, hudby a umění, 1955
Edice: Universální orchestr (SNKLHU)
Fyzický popis: 16 hlasů
Hudebniny Hudebniny
Uloženo v:
LEADER 01120ncm a22002892a 4500
001 001095662
003 CZ BrMZK
005 20150310174757.0
007 qu
008 100510s1955 xr |||||||||||||||||cze d
015 |a cnb001947241 
040 |a BOA001  |b cze 
072 7 |a 784  |x Vokální hudba  |2 Konspekt  |9 9 
100 1 |a Ulrich, Antonín,  |d 1915-1995  |7 jn20000620390  |4 cmp 
245 1 0 |a Jsem s tebou tak rád  |h [hudebnina] :  |b tango /  |c Antonín Ulrich ; slova J. Strnad. Chrysantéma : tango / Štěpán Martínek ; slova K. Kozel 
260 |a Praha :  |b Státní nakladatelství krásné literatury, hudby a umění,  |c 1955 
300 |a 16 hlasů 
490 1 |a Universální orchestr ;  |v 164 
700 1 |a Strnad, Jiří,  |d 1920-1994  |7 mzk2015862856  |4 lyr 
700 1 |a Martínek, Štěpán,  |d 1903-1957  |7 jx20110311013  |4 cmp 
700 1 |a Kozel, Karel,  |d 1914-1983  |7 jk01062600  |4 lyr 
740 0 2 |a Chrysantéma 
830 0 |a Universální orchestr (SNKLHU) 
910 |a BOA001  |b Mus3-0341.039 
990 |a MU 
991 |b 201103 
996 6 |b 2619449185  |c Mus3-0341.039  |l MZK  |r Sklad / do 1 hodiny  |n 0  |w 001121552  |u 000010  |a 1  |e BOA001  |j MZK50  |s P